000 00661cam a2200241 4500
001 M85834
008 090401t1997 xxu||||| |||| 00| 0 eng d
035 _a(Sirsi) u80251
041 _aeng
050 _a333.330285
_c18
110 _aRoyal Institution of Chartered Surveyors
_94900
245 _aResidential agency on the internet
_bguidance notes
260 _aLondon
_bRICS
_c1997
300 _a4p.
_c30cm.
350 _a0
650 _aESTATE AGENCY
650 _aINTERNET
650 _aPROPERTY ADVERTISING
650 _aRESIDENTIAL AGENCY
690 _aMANAGEMENT-BUSINESS MANAGEMENT-PROFESSIONAL PRACTICE
942 _n0
948 _c14/08/1997
999 _c96609
_d96609